| 000 | 00966nam a22002897a 4500 | ||
|---|---|---|---|
| 001 | BR7806815 | ||
| 003 | BR-BrBNA | ||
| 005 | 20230928085756.0 | ||
| 007 | ta | ||
| 008 | 230509b bl.||||| |||| 00| 0 por d | ||
| 040 |
_aBR-BrBNA _bpor _cBiblioteca Nacional de Agricultura |
||
| 041 | _a(Por) | ||
| 072 |
_aH10; L40 _b4020 |
||
| 090 | _ 4020 BR7806815 | ||
| 100 | 1 | _aOlivetti, I.G.F. | |
| 110 | 1 |
_aFundacao Universidade Estadual de Maringa, PR (Brasil) _95061 |
|
| 245 | 1 | _aHistologia e permeabilidade do tegumento de Astylus variegatus, Gemar, 1824 (Coleoptera, Dasytidae)[joaninha] | |
| 260 | 3 |
_aMaringa, PR (Brasil): _c1978. |
|
| 300 | _a26 p. | ||
| 500 | _aSummaries (Eng, Por); 14 ref. (*) Documento disponível na(o) Fundacao Universidade Estadual de Maringa, PR (Brazil). Biblioteca Central | ||
| 650 | _aJOANINHA | ||
| 650 | _aBIOLOGIA | ||
| 650 | _aHISTOLOGIA | ||
| 650 | _aTEGUMENTO | ||
| 909 |
_a202309 _bLucia _c55 _dLucia Elande |
||
| 942 | _cBK | ||
| 999 |
_c26268 _d26268 |
||